| 000 | 00855nas a2200277 4500 | ||
|---|---|---|---|
| 001 | BR0105134 | ||
| 003 | BR-BrBNA | ||
| 005 | 20231205102522.0 | ||
| 007 | ta | ||
| 008 | 230509b bl.|||p| |||| 00| 00por d | ||
| 040 |
_aBR-BrBNA _bpor _cBiblioteca Nacional de Agricultura |
||
| 041 | _a(Pt) | ||
| 072 | _aS40 | ||
| 100 | 1 | _aGutierre, F.b. | |
| 100 | 1 | _aNagayama, C.L. | |
| 100 | 1 | _aPorta, D.F. | |
| 100 | 1 | _aChaud, D.M.A. | |
| 100 | 1 | _aMarchioni, D.M.L. | |
| 100 | 1 | _aRibeiro, S.M.L. | |
| 245 | 1 | _aOrientacao nutricional, avaliacao de conhecimento de estudantes de educacao fisica quanto a nutricao e orientacao nutricional | |
| 650 | _aPrograma de Nutricao | ||
| 650 | _aDieta | ||
| 773 | 0 |
_tNutricao em Pauta (Brazil) _x _g(Jul-Aug 2000), v. 8(43) p. 39-42 _wBR0105134 |
|
| 909 |
_a202311 _bLúcia _c55 _dLúcia Elande |
||
| 942 |
_2AGRIS _n0 _cANA |
||
| 999 |
_c167976 _d167976 |
||